-lphabetized: Authors Quiz Stats

 Plays Quiz Updated Jun 23, 2019

Score 0/12 Timer 03:00
6 Plays Today
Question Answer Wrong Answers
1st -lexandre Dumas
91.2%
-yodor Dostoevsky
1%
-odi Picoult
0.8%
-hilip Pullman
0.7%
1st -gatha Christie
91%
-rnest Hemingway
0.9%
-ames Joyce
0.7%
-scar Wilde
0.7%
1st -lbert Camus
90.4%
-ranz Kafka
1.6%
-ane Austen
1%
-aulo Coelho
0.7%
2nd -eorge Eliot
87.1%
-rthur Conan Doyle
4%
-ohn Steinbeck
1.8%
-obert Louis Stevenson
0.8%
4th -illiam Faulkner
87%
-dgar Allan Poe
2.5%
-an McEwan
1.5%
-ark Twain
2.2%
4th -illiam Shakespeare
86.9%
-mily Bronte
3.2%
-ack Kerouac
1.4%
-iguel de Cervantes
1.9%
4th -ladimir Nabokov
86.4%
-ouglas Adams
3.4%
-omer
1.1%
-arcel Proust
2%
2nd -abriel Garcia Marquez
84.1%
-nton Chekhov
3.5%
-ohn Grisham
3.7%
-oald Dahl
2.1%
3rd -urt Vonnegut
83.9%
-harlotte Bronte
3.8%
-enry Miller
4.8%
-ictor Hugo
1.2%
3rd -ules Verne
82.1%
-harles Dickens
3.7%
-arper Lee
4.1%
-homas Hardy
3.6%
3rd -eo Tolstoy
82.1%
-ante Alighieri
3.8%
-erman Melville
5.7%
-irginia Woolf
1.7%
2nd -eorge Orwell
79.7%
-yn Rand
3.1%
-oseph Conrad
9.9%
-tephen King
0.9%

You're not logged in!

Compare scores with friends on all Sporcle quizzes.
OR
Log In

Sporcle TV

Today on Sporcle TV


Watch our educational content, quiz creation guides, and fun videos on Sporcle TV.

Show Comments

Extras

Top Quizzes Today


Score Distribution

Your Account Isn't Verified!

In order to create a playlist on Sporcle, you need to verify the email address you used during registration. Go to your Sporcle Settings to finish the process.

Report this User

Report this user for behavior that violates our Community Guidelines.

Details: